The Impact of Unconditional Cash Transfers on Households Food Security in Arid and Semi Arid in Kenya (Record no. 18734)

MARC details
000 -LEADER
fixed length control field 00693nam a22002057a 4500
003 - CONTROL NUMBER IDENTIFIER
control field OSt
005 - DATE AND TIME OF LATEST TRANSACTION
control field 20250303164952.0
008 - FIXED-LENGTH DATA ELEMENTS--GENERAL INFORMATION
fixed length control field 250303b |||||||| |||| 00| 0 eng d
020 ## - INTERNATIONAL STANDARD BOOK NUMBER
International Standard Book Number 979914 738 35 3
040 ## - CATALOGING SOURCE
Transcribing agency Chuka University
050 ## - LIBRARY OF CONGRESS CALL NUMBER
Classification number HV 699
Item number .N93 2023
100 ## - MAIN ENTRY--PERSONAL NAME
Personal name Nyaramba Joseph and Ngari Caroline
9 (RLIN) 18578
245 ## - TITLE STATEMENT
Title The Impact of Unconditional Cash Transfers on Households Food Security in Arid and Semi Arid in Kenya
260 ## - PUBLICATION, DISTRIBUTION, ETC.
Place of publication, distribution, etc. Nairobi
Name of publisher, distributor, etc. Kippra
Date of publication, distribution, etc. 2023
300 ## - PHYSICAL DESCRIPTION
Extent 30p
650 ## - SUBJECT ADDED ENTRY--TOPICAL TERM
Topical term or geographic name entry element Uncorditional Cash transfers.....Kenya
9 (RLIN) 18579
650 ## - SUBJECT ADDED ENTRY--TOPICAL TERM
Topical term or geographic name entry element Social assistance programs ......Kenya
9 (RLIN) 18580
650 ## - SUBJECT ADDED ENTRY--TOPICAL TERM
Topical term or geographic name entry element Poverty alleviation.....Kenya
9 (RLIN) 18581
942 ## - ADDED ENTRY ELEMENTS (KOHA)
Source of classification or shelving scheme Library of Congress Classification
Koha item type Long Loan Books
Suppress in OPAC No
Holdings
Withdrawn status Lost status Source of classification or shelving scheme Damaged status Not for loan Collection Home library Current library Shelving location Date acquired Total Checkouts Full call number Barcode Date last seen Price effective from Koha item type
    Library of Congress Classification     General Collection Books Main Campus Library Main Campus Library General Stacks 03/03/2025   HV 699 .N93 2023 25237/2025 03/03/2025 03/03/2025 Long Loan Books

Powered by Koha